International relations 2012 contemporary issues of world economics and politics : conference proceedings : 13th international scientific conference : Smolenice Castle, december 5 – 7 2012
Salvato in:
| Enti autori: | , |
|---|---|
| Altri autori: | , , , , |
| Natura: | Libro |
| Lingua: | inglese |
| Pubblicazione: |
Bratislava
Vydavateľstvo EKONÓM
2012
|
| Soggetti: | |
| Tags: |
Nessun Tag, puoi essere il primo ad aggiungerne!!
|
MARC
| LEADER | 00000nlm$a2200000$$$4500 | ||
|---|---|---|---|
| 001 | 0167126 | ||
| 005 | 20240612101447.9 | ||
| 020 | |a 978-80-225-3560-1 | ||
| 041 | 0 | |a eng | |
| 044 | |a SK | ||
| 245 | 1 | 0 | |a International relations 2012 |b contemporary issues of world economics and politics : conference proceedings : 13th international scientific conference : Smolenice Castle, december 5 – 7 2012 |c editors Lucia Milošovičová, Ľudmila Lipková |
| 264 | 1 | |a Bratislava |b Vydavateľstvo EKONÓM |c 2012 | |
| 300 | |a CD-ROM [208 s.] | ||
| 610 | 2 | 0 | |a hospodárstvo svetové |
| 610 | 2 | 0 | |a politika medzinárodná |
| 610 | 2 | 0 | |a politika svetová |
| 610 | 2 | 0 | |a vzťahy hospodárske medzinárodné |
| 610 | 2 | 0 | |a vzťahy medzinárodné |
| 610 | 2 | 0 | |a vzťahy politické medzinárodné |
| 610 | 2 | 0 | |a právo medzinárodné |
| 610 | 2 | 0 | |a vzťahy interkultúrne |
| 610 | 2 | 0 | |a rozvoj hospodársky |
| 610 | 2 | 0 | |a juhovýchodná Ázia |
| 610 | 2 | 0 | |a Európska únia |
| 700 | 1 | |a Milošovičová, Lucia, 1983- | |
| 700 | 1 | |a Lipková, Ľudmila | |
| 700 | 1 | |a Balhar, Víťazoslav | |
| 700 | 1 | |a Strážnická, Viera | |
| 700 | 1 | |a Strážovská, Helena | |
| 110 | 2 | |a Medzinárodné vzťahy 2012 : aktuálne otázky svetovej ekonomiky a politiky. Medzinárodná vedecká konferencia | |
| 710 | 2 | |a Ekonomická univerzita v Bratislave. Fakulta medzinárodných vzťahov | |